Statistics for Most Guessed - The Letter “C” and “D”

Click here to take the quiz!

General Stats

  • This quiz has been taken 65 times
  • The average score is 3 of 13

Answer Stats

QuizAnswer% Correct
DCountriesDenmark
85%
CCountriesCanada
77%
CCitiesCairo
44%
DCitiesDublin
39%
DAnimalsDuck
20%
CAnimalsChimpanzee
16%
DFoodDoughnut
15%
CFoodCarrot
13%
CPeopleCharlie Chaplin
11%
DPeopleDavid Beckham
10%
CMoviesCinderella
7%
DMoviesDumb and Dumber
3%
CPeopleCalvin Klein
2%

Score Distribution

Percentile by Number Answered

Percent of People with Each Score

Your Score History

You have not taken this quiz